Curso de prospección gravimétrica / (Record no. 109191)

MARC details
000 -LEADER
campo de control de longitud fija 00489nam a2200157 4500
001 - NÚMERO DE CONTROL
campo de control 109191
003 - IDENTIFICADOR DE NÚMERO DE CONTROL
campo de control ES-MaACL
007 - CAMPO FIJO DE DESCRIPCIÓN FÍSICA--INFORMACIÓN GENERAL
campo de control de longitud fija t|
008 - DATOS DE LONGITUD FIJA--INFORMACIÓN GENERAL
campo de control de longitud fija 061121s1977 sp r ||||1| spa d
100 1# - ENTRADA PRINCIPAL--NOMBRE DE PERSONA
Nombre de persona Mironov, V. S.
9 (RLIN) 81630
245 10 - MENCIÓN DEL TÍTULO
Título Curso de prospección gravimétrica /
Mención de responsabilidad, etc. V. S. Mironov; versión española por Manuel Gisbert.
260 ## - PUBLICACIÓN, DISTRIBUCIÓN, ETC.
Lugar de publicación, distribución, etc. Barcelona, etc. :
Nombre del editor, distribuidor, etc. Reverté,
Fecha de publicación, distribución, etc. 1977.
300 ## - DESCRIPCIÓN FÍSICA
Extensión XV, 525 p. ;
Dimensiones 23 cm.
700 1# - ENTRADA AGREGADA--NOMBRE PERSONAL
Nombre de persona Gisbert, Manuel.
9 (RLIN) 57323
852 ## - LOCALIZACIÓN
Ubicación ES-MaACL
Número de control de estantería G-5303
Sublocalización o colección R.114786
Holdings
Estatus retirado Estado de pérdida Estado de daño No para préstamo Biblioteca de origen Biblioteca actual Ubicación en estantería Fecha de adquisición Fuente de adquisición Total de préstamos Signatura topográfica completa Código de barras Visto por última vez Precio de reemplazo Tipo de ítem Koha
        Biblioteca del Ateneo de Madrid Biblioteca del Ateneo de Madrid Depósito 2 17/01/2008     G-5303 1113934 23/02/2023 23/02/2023 Libro impreso